| 000 | 00592nam a2200229Ia 4500 | ||
|---|---|---|---|
| 003 | OSt | ||
| 005 | 20221005124453.0 | ||
| 006 | a|||||r|||| 00| 0 | ||
| 007 | ta | ||
| 008 | 221004b |||||||| |||| 00| 0 eng d | ||
| 024 | _a56969 | ||
| 037 | _cTextual | ||
| 040 |
_aCRL _cCRL _beng |
||
| 041 |
_2eng _aeng |
||
| 082 | _aV2:1:M5, C11 | ||
| 100 |
_aMuter Dunbar Douglas _9635295 |
||
| 245 | 0 | _aMy recollections of the sepoy revolt, 1857-58 | |
| 260 | _c1891 | ||
| 650 | _aHISTORY | ||
| 942 |
_hV2:1:M5, C11 _cTEXL _2cc |
||
| 999 |
_c1050582 _d1050582 |
||